<?xml version="1.0" encoding="UTF-8"?>
<collection xmlns="http://www.loc.gov/MARC21/slim">
 <record>
  <leader>02973cam a22005172  4500</leader>
  <controlfield tag="001">1819847934</controlfield>
  <controlfield tag="003">DE-627</controlfield>
  <controlfield tag="005">20221028095542.0</controlfield>
  <controlfield tag="007">tu</controlfield>
  <controlfield tag="008">221025s2014    sz |||||      00| ||fre c</controlfield>
  <datafield tag="020" ind1=" " ind2=" ">
   <subfield code="a">9782884531818</subfield>
   <subfield code="9">978-2-88453-181-8</subfield>
  </datafield>
  <datafield tag="020" ind1=" " ind2=" ">
   <subfield code="a">2884531815</subfield>
   <subfield code="9">2-88453-181-5</subfield>
  </datafield>
  <datafield tag="035" ind1=" " ind2=" ">
   <subfield code="a">(DE-627)1819847934</subfield>
  </datafield>
  <datafield tag="035" ind1=" " ind2=" ">
   <subfield code="a">(DE-599)KXP1819847934</subfield>
  </datafield>
  <datafield tag="040" ind1=" " ind2=" ">
   <subfield code="a">DE-627</subfield>
   <subfield code="b">ger</subfield>
   <subfield code="c">DE-627</subfield>
   <subfield code="e">rakwb</subfield>
  </datafield>
  <datafield tag="041" ind1=" " ind2=" ">
   <subfield code="a">fre</subfield>
  </datafield>
  <datafield tag="044" ind1=" " ind2=" ">
   <subfield code="c">XA-CH</subfield>
  </datafield>
  <datafield tag="100" ind1="1" ind2=" ">
   <subfield code="a">Miller, Lesley Ellis</subfield>
   <subfield code="e">VerfasserIn</subfield>
   <subfield code="0">(DE-588)133686310</subfield>
   <subfield code="0">(DE-627)550487026</subfield>
   <subfield code="0">(DE-576)300025289</subfield>
   <subfield code="4">aut</subfield>
  </datafield>
  <datafield tag="240" ind1="1" ind2="0">
   <subfield code="a">Selling silks</subfield>
  </datafield>
  <datafield tag="245" ind1="1" ind2="0">
   <subfield code="a">Soieries</subfield>
   <subfield code="b">le livre d'échantillons d'un marchand français au siècle des Lumières</subfield>
   <subfield code="c">Lesley Ellis Miller ; postface Pierre Arizzoli-Clémentel ; photographies Christine Smith ; traduction et adaptation françaises Anne de Thoisy-Dallem</subfield>
  </datafield>
  <datafield tag="264" ind1=" " ind2="1">
   <subfield code="a">Lausanne</subfield>
   <subfield code="b">La Bibliothèque des Arts</subfield>
   <subfield code="c">2014</subfield>
  </datafield>
  <datafield tag="300" ind1=" " ind2=" ">
   <subfield code="a">272 pages</subfield>
   <subfield code="b">illustrations (chiefly color), map</subfield>
   <subfield code="c">31 cm</subfield>
  </datafield>
  <datafield tag="336" ind1=" " ind2=" ">
   <subfield code="a">Text</subfield>
   <subfield code="b">txt</subfield>
   <subfield code="2">rdacontent</subfield>
  </datafield>
  <datafield tag="337" ind1=" " ind2=" ">
   <subfield code="a">ohne Hilfsmittel zu benutzen</subfield>
   <subfield code="b">n</subfield>
   <subfield code="2">rdamedia</subfield>
  </datafield>
  <datafield tag="338" ind1=" " ind2=" ">
   <subfield code="a">Band</subfield>
   <subfield code="b">nc</subfield>
   <subfield code="2">rdacarrier</subfield>
  </datafield>
  <datafield tag="500" ind1=" " ind2=" ">
   <subfield code="a">Translation of the English edition published by V &amp; A Publishing, 2014, as Selling silks: a merchant's sample book 1764</subfield>
  </datafield>
  <datafield tag="500" ind1=" " ind2=" ">
   <subfield code="a">Brown cloth case cover; illustrated dust jacket and illustrated endpapers</subfield>
  </datafield>
  <datafield tag="500" ind1=" " ind2=" ">
   <subfield code="a">Includes bibliographical references (pages 266-267) and index</subfield>
  </datafield>
  <datafield tag="500" ind1=" " ind2=" ">
   <subfield code="a">V &amp; A research report 2014</subfield>
  </datafield>
  <datafield tag="520" ind1=" " ind2=" ">
   <subfield code="a">Introduction -- Les soieries françaises à la mode: articles et consommateurs -- Fabrique et vente des soieries lyonnaises -- CG: la clef du livre d'échantillons -- Le livre d'échantillons: carte d'identité -- Le livre d'échantillons -- Annexes. 1 Analyse technique d'échantillons de tissus par Helen Persson. 2. Marchands-fabricants présents sous la cote T.373-1972 au Victoria and Albert Museum, Londres. 3. Dessins conservés de L. Galy, Gallien et compagnie, 1761-1772.</subfield>
  </datafield>
  <datafield tag="610" ind1="1" ind2="0">
   <subfield code="a">Victoria and Albert Museum</subfield>
   <subfield code="b">Textiles and Fashion Collection</subfield>
  </datafield>
  <datafield tag="650" ind1=" " ind2="0">
   <subfield code="a">Silk industry</subfield>
   <subfield code="z">France</subfield>
   <subfield code="z">Lyon</subfield>
   <subfield code="x">History</subfield>
   <subfield code="y">18th century</subfield>
  </datafield>
  <datafield tag="650" ind1=" " ind2="0">
   <subfield code="a">Textile design</subfield>
   <subfield code="z">France</subfield>
   <subfield code="z">Lyon</subfield>
   <subfield code="x">History</subfield>
   <subfield code="y">18th century</subfield>
  </datafield>
  <datafield tag="650" ind1=" " ind2="0">
   <subfield code="a">Sample books</subfield>
  </datafield>
  <datafield tag="650" ind1=" " ind2="4">
   <subfield code="a">Silk industry</subfield>
  </datafield>
  <datafield tag="650" ind1=" " ind2="4">
   <subfield code="a">Textile design</subfield>
  </datafield>
  <datafield tag="650" ind1=" " ind2="4">
   <subfield code="a">History</subfield>
  </datafield>
  <datafield tag="651" ind1=" " ind2="4">
   <subfield code="a">France ; Lyon</subfield>
  </datafield>
  <datafield tag="700" ind1="1" ind2=" ">
   <subfield code="a">Persson, Helen</subfield>
   <subfield code="0">(DE-588)1083861875</subfield>
   <subfield code="0">(DE-627)848058747</subfield>
   <subfield code="0">(DE-576)455758883</subfield>
   <subfield code="4">oth</subfield>
  </datafield>
  <datafield tag="700" ind1="1" ind2=" ">
   <subfield code="a">Smith, Christine</subfield>
   <subfield code="e">FotografIn</subfield>
   <subfield code="4">pht</subfield>
  </datafield>
  <datafield tag="700" ind1="1" ind2=" ">
   <subfield code="a">Arizzoli-Clémentel, Pierre</subfield>
   <subfield code="d">1944-</subfield>
   <subfield code="0">(DE-588)131886452</subfield>
   <subfield code="0">(DE-627)515964514</subfield>
   <subfield code="0">(DE-576)29881613X</subfield>
   <subfield code="4">oth</subfield>
  </datafield>
  <datafield tag="700" ind1="1" ind2=" ">
   <subfield code="a">Thoisy-Dallem, Anne de</subfield>
   <subfield code="d">1963-</subfield>
   <subfield code="e">ÜbersetzerIn</subfield>
   <subfield code="0">(DE-588)189737441</subfield>
   <subfield code="0">(DE-627)699594227</subfield>
   <subfield code="0">(DE-576)13536793X</subfield>
   <subfield code="4">trl</subfield>
  </datafield>
  <datafield tag="787" ind1="0" ind2="8">
   <subfield code="i">Rezensiert in</subfield>
   <subfield code="a">Gaumy, Tiphaine, 1986 - </subfield>
   <subfield code="t">[Rezension von: Lesley Ellis Miller, Soieries. Le livre d'échantillons d'un marchand français au siècle des Lumières]</subfield>
   <subfield code="d">2016</subfield>
   <subfield code="w">(DE-627)1820251101</subfield>
  </datafield>
  <datafield tag="951" ind1=" " ind2=" ">
   <subfield code="a">BO</subfield>
  </datafield>
  <datafield tag="991" ind1=" " ind2=" ">
   <subfield code="a">Rezensiertes Werk</subfield>
  </datafield>
  <datafield tag="999" ind1=" " ind2=" ">
   <subfield code="a">KXP-PPN1819847934</subfield>
   <subfield code="e">4203373263</subfield>
  </datafield>
 </record>
</collection>
